| 000 | 00579nam a2200169 a 4500 | ||
|---|---|---|---|
| 001 | 000032990 | ||
| 005 | 20200930065946.0 | ||
| 008 | 110805s1953 dr 000 0 spa d | ||
| 040 |
_aDO-SdBNP _bspa _cBNPHU |
||
| 082 |
_axxxx _bG216p |
||
| 100 | 1 |
_aGarcía Lluberes, Alcides _938561 |
|
| 245 | 1 | 3 |
_aEl poeta Miguel Alcalá hijo. / _cAlcides García Lluberes. |
| 260 |
_aSanto Domingo : _b[s. n.], _c1953. |
||
| 300 |
_a40 p. ; _c23 cm. |
||
| 500 | _aTrabajo publicado en la revista Clio, órgano de la Academia Dominicana de Historia, número 96 mayo-agosto 1953 | ||
| 049 | _aBNPD | ||
| 999 |
_c32481 _d32481 |
||